000 00511nam a2200181Ia 4500
008 090123s9999 xx 000 0 und d
082 _b15655
100 _aसीमा
245 _aमेहंदी और महावर
250 _a1
260 _bमोहन पॉकेट बुक्स
300 _a170
600 _aसीमा
630 _aमेहंदी और महावर
700 _aसीमा
730 _aमेहंदी और महावर
942 _cBOOK
999 _c53716
_d53716